zpět

Detail výsledku týmu

Eden, Heřmanův Městec

Datum a čas kvízu

27.5 Celkem bodů Celkový počet nahraných bodů na tomto kvízu bez doplňovacích otázek.
8. Pořadí na kvízu Konečné umístění týmu na tomto kvízu.

Zaznamenané odpovědi

# Otázka Odpověď Body Výsledky
1. Jak se jmenuje český politik,... Jiří Pospíšil 1
2. Ve volební kampani v Německu s... (Hitlerův) knírek 1
3. Který 56letý americký rockový... Marilyn Manson 0
4. V úterý byl představen Index p... Turnov, Luhačovice 0.5
5. V ligovém zápase mezi fotbalis... výpadek světel 1
6. Vítězné téma facebookového hla... Crassus 1
7. Který diktátor dopadl na konci... Benito Mussolini 1
8. Od smrti severokorejského dikt... Václav Havel 1
9. Který diktátor se nechal před... Alexandr Lukašenko 1
10. Mezi mnoho afrických diktátorů... Uganda, Kampaly 0